Loading...
| Current Events | 3 | 13.33 | 100% | 33% | 0% |
| Fine Arts - Classical Music | 1 | 20.00 | 100% | 100% | 0% |
| Fine Arts - Other Fine Arts | 6 | 15.00 | 100% | 50% | 0% |
| Geography | 3 | 20.00 | 100% | 67% | 33% |
| History - American History | 6 | 20.00 | 100% | 67% | 33% |
| History - European History | 7 | 15.71 | 100% | 57% | 0% |
| History - Other History | 5 | 18.00 | 100% | 60% | 20% |
| History - World History | 6 | 26.67 | 100% | 100% | 67% |
| Literature - American Literature | 7 | 15.71 | 100% | 57% | 0% |
| Literature - British Literature | 6 | 11.67 | 67% | 50% | 0% |
| Literature - European Literature | 3 | 20.00 | 100% | 100% | 0% |
| Literature - World Literature | 4 | 22.50 | 100% | 100% | 25% |
| Mythology | 4 | 20.00 | 100% | 75% | 25% |
| Painting/Sculpture | 1 | 10.00 | 100% | 0% | 0% |
| Philosophy | 4 | 20.00 | 75% | 100% | 25% |
| Pop Culture | 1 | 10.00 | 100% | 0% | 0% |
| Popular Culture | 1 | 20.00 | 100% | 100% | 0% |
| Religion | 5 | 18.00 | 100% | 60% | 20% |
| Science - Biology | 7 | 22.86 | 100% | 86% | 43% |
| Science - Chemistry | 5 | 24.00 | 100% | 100% | 40% |
| Science - Other Science | 4 | 12.50 | 75% | 50% | 0% |
| Science - Physics | 2 | 20.00 | 100% | 100% | 0% |
| Social Science | 5 | 18.00 | 100% | 60% | 20% |